000 00431nam a2200181Ia 4500
005 20250423100221.0
008 250422s9999 xx 000 0 und d
020 _a978-154736-7
050 _aDT 515.834 .O4/
100 _aOluleye, James J.
245 0 _aMilitary Leadership in Nigeria
260 _aIbadan
260 _bUniversity Press
260 _c1985
300 _a260 p
650 _aPolitical Science
942 _cBK
999 _c32631
_d32631